000 00732nam a2200289Ia 4500
005 20260324125904.0
008 008 260324s9999 xx 000 0 eng d
020 _a9780429239960
037 _aEBOOK
040 _aCRL
040 _beng
040 _cCRL
041 _2eng
041 _aeng
084 _qCRL
100 _aFederico Ferretti
_91098028
245 4 _aThe Law and Consumer Credit Information in the European Community
245 4 _bThe Regulation of Credit Information Systems
260 _bTaylor and Francis
260 _c2008
365 _a
365 _b160
856 _uhttp://www.taylorfrancis.com/books/9780429239960
942 _cEBOOK
999 _c1775362
_d1775362